| 000 | 00406nam a2200145Ia 4500 | ||
|---|---|---|---|
| 008 | 211109s9999||||xx |||||||||||||| ||und|| | ||
| 082 |
_a425 _bROW-G |
||
| 100 | _aRowlands, W S Naulekar, N R, | ||
| 245 | 0 | _aGuide To General English | |
| 260 |
_bOxford University Press _aBombay _c1921 |
||
| 300 | _a92p. | ||
| 630 | _xGeneral Stack | ||
| 650 |
_aEnglish languages _vEnglish grammar _xEnglish |
||
| 942 | _cBOOK | ||
| 999 |
_c1904 _d1904 |
||